NRL Fantasy Quiz 2024 Season - Statistics

General Stats
  • This quiz has been taken 28 times
    18 since last reset
  • The average score is 8 of 14
Answer Stats
Question Answer % Correct
How many 100+ point players were there 9
100%
Zac Lomax's Highest score 103
82%
Lowest fantasy score in the season (score) -12
82%
Which players has the dual position of HOK/MID Erin Clark, Conor Watson, Chris Randall, Brandon Smith
82%
2nd highest fantasy score this season 112
64%
How many points is a line break + two tackle breaks + a try + 58 metres gained. 21
64%
What was Lachlan Galvin's price at the start of the season 230k
55%
Top value loser Nicho Hynes
55%
The highest ownership (50.06%) Kayal Iro
45%
Who was the highest value gaining WFB Keano Kini
45%
Most owned player in top 5000. 4456/5000 David Fifita
36%
Highest average from a Dragons player Jacob Liddle
36%
Second highest average from HOK Soni Luke
36%
Highest value gaining MID Corey Jensen
27%
No matching quizzes found
Score Distribution
Percent of People with Each Score
Percentile by Number Answered
Your Score History
You have not taken this quiz since the last reset